LEADER 01188nam a2200289 a 4500 001 000000123095 003 CaOOAMICUS 005 20100927133019.0 008 100927t2008 sp u000 u spa r 020 $a978-84-96901-00-1 040 $aPUL$bita 082 $a240 100 1 $aLasanta, Pedro Jesús.$0(OLS)http://pul/name/46850 245 10$aDiccionario doctrinal :$bsan Bernardo de Claraval /$cPadro Jesús Lasanta. 260 $aLogroño. :$bEditorial Horizonte,$c2008. 300 $a350 p. ;$c21 cm 490 1 $aSantos padres 600 04$aBernardus,$cs., abate di Clairvaux,$d1091-1153.$0(OLS)http://pul/subject/662 830 0$aSantos padres.$0(OLS)http://pul/title/155140 850 $aPUL 852 $aPUL$W1$xSL Religione 3$y85$m240. 5 DECBE 1$j141460$qDDC 21$B140495$CPULBib$Z2$F140495 $H114558 $82 941 1 $a9 996 $6020$a978-84-96901-00-1$9(OLS)http://pul/number/145447 996 $6082$a240$9(OLS)http://pul/classification/586 996 $6245$aDiccionario doctrinal :$bsan Bernardo de Claraval$9(OLS)http://pul/title/155141 996 $6260$aLogroño. :$bEditorial Horizonte$9(OLS)http://pul/publisher/81406 LEADER 01314nam a2200289 u 4500 001 000000054337 003 CaOOAMICUS 005 20070226115648.0 008 001207s1999 it u000 u ita u 020 $a8846413865 035 $a10863405 040 $aMSA$bita 100 1 $aCeci, Lucia.$0(OLS)http://pul/name/38553 245 13$aLa teologia della liberazione in America Latina :$bl'opera di Gustavo Gutiérrez /$cLucia Ceci. 260 $aMilano :$bF. Angeli,$c1999. 300 $a309 p. ;$c22 cm 490 1 $aStudi e ricerche storiche ;$v244 600 14$aGutiérrez, Gustavo,$d1928-$0(OLS)http://pul/subject/22274 650 4$aTeologia della liberazione.$0(OLS)http://pul/subject/2678 651 4$aAmerica Latina$xStoria ecclesiastica$ySec. XX.$0(OLS)http://pul/subject/20121 830 0$aStudi e ricerche storiche (F. Angeli) ;$v244.$0(OLS)http://pul/title/59813 850 $aPUL 852 $aPUL$W1$xSL Religione 1$y3$m58 M 63$j71599$nBK-PRI$b $qStampati$B71599$CPULBib$Z2$F71599 $HPUL87332 $81 941 1 $a8 996 $6020$a8846413865$9(OLS)http://pul/number/68439 996 $6245$aLa teologia della liberazione in America Latina :$bl'opera di Gustavo Gutiérrez$9(OLS)http://pul/title/72871 996 $6260$aMilano :$bF. Angeli$9(OLS)http://pul/publisher/48323